Többszörös veleszületett rendellenességek statisztikai vizsgálata

Elmentve itt :
Bibliográfiai részletek
Szerzők: Bolla Marianna
Czeizel Endre
Telegdi László
Tusnády Gábor
Testületi szerző: Számítástechnikai és kibernetikai módszerek alkalmazása az orvostudományban és a biológiában
Dokumentumtípus: Könyv része
Megjelent: 1979
Sorozat:Számítástechnikai és kibernetikai módszerek alkalmazása az orvostudományban és a biológiában 9
Kulcsszavak:Veleszületett rendellenességek, Matematikai statisztika, Matematikai modell
Tárgyszavak:
Online Access:http://acta.bibl.u-szeged.hu/45937
LEADER 01153naa a2200265 i 4500
001 acta45937
005 20230608143925.0
008 170622s1979 hu o 1|| hun d
040 |a SZTE Egyetemi Kiadványok Repozitórium  |b hun 
041 |a hun 
100 1 |a Bolla Marianna 
245 1 0 |a Többszörös veleszületett rendellenességek statisztikai vizsgálata  |h [elektronikus dokumentum] /  |c  Bolla Marianna 
260 |c 1979 
300 |a 154-165 
490 0 |a Számítástechnikai és kibernetikai módszerek alkalmazása az orvostudományban és a biológiában  |v 9 
650 4 |a Természettudományok 
650 4 |a Matematika 
650 4 |a Orvos- és egészségtudomány 
650 4 |a Klinikai orvostan 
695 |a Veleszületett rendellenességek, Matematikai statisztika, Matematikai modell 
700 0 1 |a Czeizel Endre  |e aut 
700 0 1 |a Telegdi László  |e aut 
700 0 1 |a Tusnády Gábor  |e aut 
711 |a Számítástechnikai és kibernetikai módszerek alkalmazása az orvostudományban és a biológiában  |c Szeged  |d 1978. december 4-6. 
856 4 0 |u http://acta.bibl.u-szeged.hu/45937/1/szamtech_orvost_koll_009_154-165.pdf  |z Dokumentum-elérés